[Event "CZE-chT U18 Extraliga final-B 1718"]
[Site "Czech Republic"]
[Date "2018.04.20"]
[Round "8.6"]
[White "Beer, Jiri"]
[Black "Rydl, Jan"]
[Result "1/2-1/2"]
[WhiteElo "1609"]
[BlackElo "1442"]
[PlyCount "52"]
[EventDate "2017.10.07"]
[EventType "team-tourn"]
[EventRounds "11"]
[EventCountry "CZE"]
[SourceTitle "EXT 2023"]
[Source "ChessBase"]
[SourceDate "2022.10.05"]
[SourceVersion "1"]
[SourceVersionDate "2022.10.05"]
[SourceQuality "1"]
[WhiteTeam "Karlovy Vary (U18)"]
[BlackTeam "Jicin (U18)"]
[WhiteTeamCountry "CZE"]
[BlackTeamCountry "CZE"]

1. e4 e5 2. Nf3 Nc6 3. Bb5 f5 4. Nc3 fxe4 5. Nxe4 Nf6 6. Qe2 d5 7. Nxf6+ gxf6 8. d4 e4 9. Ne5 Bb4+ 10. c3 fxe5 11. Qh5+ Kf8 12. cxb4 Qe7 13. Bh6+ Kg8 14. 0-0 Qf7 15. Bxc6 Qxh5 16. Bxd5+ Qf7 17. Bxf7+ Kxf7 18. dxe5 Kg6 19. Bf4 Kf5 20. Bg3 h5 21. f4 Be6 22. a3 Bc4 23. Rfe1 Bd3 24. Rac1 c6 25. h3 h4 26. Bh2 a5 1/2-1/2

[Event "CZE-chT U18 Extraliga West 1718"]
[Site "Czech Republic"]
[Date "2017.10.07"]
[Round "1.6"]
[White "Beer, Jiri"]
[Black "Finek, Vaclav"]
[Result "1/2-1/2"]
[WhiteElo "1609"]
[BlackElo "1409"]
[PlyCount "116"]
[EventDate "2017.10.07"]
[EventType "team-tourn"]
[EventRounds "11"]
[EventCountry "CZE"]
[SourceTitle "EXT 2023"]
[Source "ChessBase"]
[SourceDate "2022.10.05"]
[SourceVersion "1"]
[SourceVersionDate "2022.10.05"]
[SourceQuality "1"]
[WhiteTeam "Karlovy Vary (U18)"]
[BlackTeam "Liberec Desko (U18)"]
[WhiteTeamCountry "CZE"]
[BlackTeamCountry "CZE"]

1. e4 d5 2. exd5 Nf6 3. d4 Nxd5 4. c4 Nf6 5. Nf3 e6 6. Be2 Be7 7. 0-0 0-0 8. Nc3 c5 9. Be3 Qc7 10. Nb5 Qb6 11. Bf4 Na6 12. a3 Nh5 13. Qd2 Nxf4 14. Qxf4 Bd7 15. Ne5 Bc6 16. Rfd1 f6 17. Nxc6 bxc6 18. Nd6 cxd4 19. Qxd4 Qxd4 20. Rxd4 e5 21. Rdd1 g6 22. b4 c5 23. b5 Nc7 24. Nb7 Rab8 25. Rd7 Rxb7 26. Rxe7 Rf7 27. Rxf7 Kxf7 28. Rd1 Ke7 29. Bf3 Rb8 30. Bc6 Rd8 31. Rxd8 Kxd8 32. Kf1 Ne6 33. Ke1 Nd4 34. Be4 f5 35. Bb1 Kc7 36. Kd2 Kb6 37. Kc3 g5 38. f3 h5 39. h3 a5 40. Kd2 a4 41. Ke3 Kc7 42. Kf2 f4 43. Ke1 h4 44. Kd2 Nb3+ 45. Kc3 Na5 46. Bc2 Nb7 47. Kd3 Nd6 48. Bxa4 Kb6 49. Bc2 Ka5 50. Bd1 Kb6 51. Bc2 Ka5 52. Bd1 Kb6 53. Bc2 Ka5 54. Bd1 Kb6 55. Bc2 Ka5 56. Bb3 Kb6 57. Bc2 Ka5 58. Bb3 Kb6 1/2-1/2

[Event "CZE-chT U18 Extraliga West 1718"]
[Site "Czech Republic"]
[Date "2017.10.07"]
[Round "2.6"]
[White "Matej, Erik"]
[Black "Beer, Jiri"]
[Result "0-1"]
[WhiteElo "1360"]
[BlackElo "1609"]
[PlyCount "124"]
[EventDate "2017.10.07"]
[EventType "team-tourn"]
[EventRounds "11"]
[EventCountry "CZE"]
[SourceTitle "EXT 2023"]
[Source "ChessBase"]
[SourceDate "2022.10.05"]
[SourceVersion "1"]
[SourceVersionDate "2022.10.05"]
[SourceQuality "1"]
[WhiteTeam "Praha Promat Oaza (U18)"]
[BlackTeam "Karlovy Vary (U18)"]
[WhiteTeamCountry "CZE"]
[BlackTeamCountry "CZE"]

1. e4 c5 2. Nf3 d6 3. d4 cxd4 4. Nxd4 Nf6 5. Nc3 a6 6. Be2 e6 7. 0-0 b5 8. f4 Qc7 9. Bf3 e5 10. Nb3 Be7 11. Qe1 Bb7 12. Qg3 0-0 13. fxe5 dxe5 14. Bh6 Ne8 15. Nd5 Bxd5 16. exd5 Qb6+ 17. Kh1 Qxh6 18. d6 Bh4 19. Qxe5 Ra7 20. Qc5 Rd7 21. Qb6 Qxd6 22. Qxd6 Rxd6 23. Nc5 Nc7 24. Rad1 Rxd1 25. Rxd1 Rd8 26. Rf1 g6 27. g3 Bf6 28. b3 Ne6 29. Ne4 Bg7 30. h4 Nc6 31. Nf6+ Bxf6 32. Bxc6 Bg7 33. Bb7 Nc5 34. Bc6 Rd2 35. Be8 f6 36. Bc6 Rxc2 37. Bd5+ Kf8 38. Rd1 Rc3 39. b4 Rd3 40. Rc1 Rxd5 41. bxc5 Ke7 42. c6 Kd8 43. c7+ Kc8 44. Re1 Kxc7 45. Re7+ Rd7 46. Re6 Kb7 47. Re1 f5 48. Rb1 Be5 49. a4 Kb6 50. axb5 axb5 51. Re1 Bxg3 52. Re6+ Ka5 53. h5 gxh5 54. Re5 Bxe5 55. Kg2 b4 56. Kh3 b3 57. Kh4 b2 58. Kg5 b1Q 59. Kh6 Qb6+ 60. Kg5 Qf6+ 61. Kxh5 Qg6+ 62. Kh4 Qg4# 0-1